LEADER 01507nam a2200313 4500 001 000000335157 003 CaOOAMICUS 005 20210705154023.0 008 190718s2005 bl 000 u por r 020 $a85-15-02928-6 040 $aSeMil$bita 100 1 $aLadaria Ferrer, Luís Francisco,$c.$0(OLS)http://semarc/name/90354 240 13$aEl Dios vivo y verdadero :$bel misterio de la Trinidad.$0(OLS)http://semarc/title/306500 245 12$aO Deus vivo e verdadeiro :$bo mistério da Trindade /$cLuis F. Ladaria ; tradução Paulo Gaspar de Meneses. 264 1$aSão Paulo :$bEdições Loyola,$c2005. 300 $a431 p. ;$c23 cm 490 1 $aTheologica ;$v7 650 4$aTeologia trinitaria.$0(OLS)http://semarc/subject/1000 650 4$aTrinità - Teologia - De Deo uno et trino.$0(OLS)http://semarc/subject/4413 650 4$aTrinità - Teologia.$0(OLS)http://semarc/subject/1098 700 1 $aMeneses, Paulo Gaspar : de.$0(OLS)http://semarc/name/109934 830 0$aTheologica ;$v7.$0(OLS)http://semarc/title/431735 850 $aSeMil 852 $aSeMil$W1$xVenegono$y1$m2B VI 400$j215560$B227161$CSeMilBibl$Z2$F227161 $81 961 $aAntonelli don Mario - Omaggio 996 $6020$a85-15-02928-6$9(OLS)http://semarc/number/288042 996 $6245$aO Deus vivo e verdadeiro :$bo mistério da Trindade$9(OLS)http://semarc/title/424687 996 $6264$aSão Paulo :$bEdições Loyola$9(OLS)http://semarc/publisher/32617 LEADER 01329nam a2200277 i 4500 001 000000244326 003 CaOOAMICUS 005 20150803000000.0 008 150803s1973 it u000 u ita u 013 $a223231 040 $aSeMil$bita 100 1 $aRanaghan, Kevin.$0(OLS)http://semarc/name/23569 240 10$aCatholic Pentecostals.$0(OLS)http://semarc/title/71453 245 13$aIl ritorno dello spirito :$bstoria e significati del movimento pentecostale /$cKevin e Dorothy Ranaghan ; traduzione [di] Andrea Gianni. 260 $aMilano :$bJaca Book,$c1973. 300 $a189 p. ;$c23 cm. 490 0 $aCronache alla prova. Chiesa e società : Serie periodiche ;$v39. 650 4$aPentecostali.$0(OLS)http://semarc/subject/8654 700 1 $aGianni, Andrea.$0(OLS)http://semarc/name/30346 700 1 $aRanaghan, Dorothy.$0(OLS)http://semarc/name/23570 830 0$aCronache alla prova. Chiesa e società. Serie periodiche ;$v39.$0(OLS)http://semarc/title/16822 850 $aSeMil 852 $aSeMil$W1$xVenegono$y1$m3E IV 360$j194672$B194672$CSeMilBibl$Z2$F205303 $81 961 $aOmaggio: Martinelli don Romano 996 $6245$aIl ritorno dello spirito :$bstoria e significati del movimento pentecostale$9(OLS)http://semarc/title/71452 996 $6260$aMilano :$bJaca Book$9(OLS)http://semarc/publisher/29781